Los sacerdotes obreros (Record no. 144158)

MARC details
000 -LEADER
campo de control de longitud fija 00561nam a2200181 4500
001 - NÚMERO DE CONTROL
campo de control 144158
003 - IDENTIFICADOR DE NÚMERO DE CONTROL
campo de control ES-MaACL
005 - FECHA Y HORA DE LA ÚLTIMA TRANSACCIÓN
campo de control 20230906200945.0
007 - CAMPO FIJO DE DESCRIPCIÓN FÍSICA--INFORMACIÓN GENERAL
campo de control de longitud fija t|
008 - DATOS DE LONGITUD FIJA--INFORMACIÓN GENERAL
campo de control de longitud fija 070214s1965 sp r ||||1| spa d
100 1# - ENTRADA PRINCIPAL--NOMBRE DE PERSONA
Nombre de persona Siefer, Gregor.
9 (RLIN) 106220
245 14 - MENCIÓN DEL TÍTULO
Título Los sacerdotes obreros
Resto del título : (los hechos y las consecuencias) /
Mención de responsabilidad, etc. Gregor Siefer ; versión de José Antonio Díaz.
250 ## - MENCION DE EDICION
Mención de edición 1ª. ed.
260 ## - PUBLICACIÓN, DISTRIBUCIÓN, ETC.
Lugar de publicación, distribución, etc. Barcelona :
Nombre del editor, distribuidor, etc. Nova Terra,
Fecha de publicación, distribución, etc. 1965.
300 ## - DESCRIPCIÓN FÍSICA
Extensión 344 p. ;
Dimensiones 22 cm.
700 1# - ENTRADA AGREGADA--NOMBRE PERSONAL
Nombre de persona Díaz, José Antonio.
9 (RLIN) 44134
852 ## - LOCALIZACIÓN
Ubicación ES-MaACL
Número de control de estantería C-27641
Sublocalización o colección R.56851
Holdings
Estatus retirado Estado de pérdida Estado de daño No para préstamo Biblioteca de origen Biblioteca actual Ubicación en estantería Fecha de adquisición Fuente de adquisición Total de préstamos Signatura topográfica completa Código de barras Visto por última vez Precio de reemplazo Tipo de ítem Koha
        Biblioteca del Ateneo de Madrid Biblioteca del Ateneo de Madrid Depósito 2 17/01/2008     C-27641 1149982 23/02/2023 23/02/2023 Libro impreso